|
|
|
|
| LEADER |
00000cac a2200000 a 4500 |
| 001 |
68774 |
| 003 |
Ucuenca |
| 005 |
20230308211032.0 |
| 008 |
000120|2000 ec |||||r|||||||||||spa|| |
| 020 |
|
|
|a 9978411259
|
| 040 |
|
|
|b spa
|
| 041 |
0 |
|
|a spa
|
| 082 |
0 |
|
|a 372.37
|
| 245 |
|
4 |
|a Los jóvenes y las jóvenes cuidamos nuestro futuro: guía en salud comunitaria décimo año de educación básica
|c Lucía Fernández, Rosa Hurtado y Ana Cordero
|h imp
|
| 264 |
|
|
|a Quito
|b Organización Panamericana de la Salud
|c 2000
|
| 300 |
|
|
|a 36 páginas:
|b ilu
|c 27 cm
|
| 490 |
|
|
|a Proyecto Espacios Saludables Ecuador 1999. La Escuela Promotora de la Salud
|
| 520 |
3 |
|
|a Contiene: Vamos a investigar. Nos organizamos. Los jóvenes y las jóvenes proponemos. Los jóvenes y las jóvenes actuamos.
|
| 650 |
|
0 |
|a Juventud y educacion
|9 204698
|
| 700 |
1 |
|
|a Fernández, Lucía
|9 204663
|
| 700 |
1 |
|
|a Hurtado, Rosa
|9 190451
|
| 700 |
1 |
|
|a Cordero, Ana.
|9 116956
|
| 852 |
|
|
|a UC-CDJBV
|f Donación
|l 1
|m General
|p 20001205
|q 10000.00
|t 68774
|w Educación preescolar
|y 114478
|b 0
|d CDRC
|e CDRC
|g 372.37 PRIMER PISO
|z 2000-01-20
|
| 942 |
|
|
|c CR
|
| 999 |
|
|
|c 117415
|d 117415
|